Modele Łady - Statystyki

Ogólne statystyki
  • Ten quiz został rozwiązany 4 razy
  • Średni wynik to 4 z 8
Statystyki odpowiedzi
Modele % Poprawnych
2101
75%
2105
75%
Niva
75%
Oka
75%
110
50%
2109
25%
Revolution
25%
2120
0%
Nie znaleziono quizów pasujących do podanych kryteriów
Rozkład punktacji
Procent ludzi z każdym wynikiem
Percentyl według liczby udzielonych odpowiedzi
Twoja historia wyników
Nie rozwiązałeś tego quizu